01010nam a2200229 i 4500001000300000245015200003246006000155246006900215260006600284300002600350500012400376650002300500650002700523655001400550700002300564020001500587040000800602041001100610080002000621008004100641856009800682bg00aZarządzanie nowoczesnym bankiem w okresie zmian.nT. 1,pEfektywne zarządzanie zmianami / McNaughton Diana ; [tł. z ang. Zofia Całka et al.]. iTyt. oryg.:aBanking institutions in developing markets iTyt. oryg.:aBuilding strong management and responding to change aWarszawa :bFundacja Warszawski Instytut Bankowości,c1995. a334, [1] s. ;c24 cm. aOryg. : "Banking institutions in developing markets" vol.1, "Building strong management and responding to change" 1992. 9aBankixorganizacja 9aZarządzaniexfinanse aPoradniki1 aMcNAUGHTON, Diana. a8390421801 cBPK1 aplhen a336.71:65.012.4 s pl f |000 0 pol  uhttp://koha.tu.koszalin.pl/cgi-bin/koha/opac-detail.pl?biblionumber=32889yKatalog online BPK